| Tag |
First Indicator |
Second Indicator |
Subfields |
| LEADER |
00000cam a22000004a 4500 |
| 001 |
in00001702321 |
| 005 |
20151024153047.0 |
| 008 |
020213s2003 flua b 001 0 eng |
| 010 |
|
|
|a 2002276541
|
| 020 |
|
|
|a 0849309050
|
| 035 |
|
|
|a (OCoLC)ocm49226410
|
| 040 |
|
|
|a DLC
|c DLC
|d C#P
|d TXA
|d UtOrBLW
|
| 042 |
|
|
|a pcc
|
| 049 |
|
|
|a TXAM
|
| 050 |
0 |
0 |
|a QH541.15.I5
|b B56 2003
|
| 082 |
0 |
0 |
|a 577.6/028/7
|2 21
|
| 090 |
|
|
|a QH541.15.I5
|b B577 2003
|
| 245 |
0 |
0 |
|a Biological response signatures :
|b indicator patterns using aquatic communities /
|c [edited by] Thomas P. Simon.
|
| 264 |
|
1 |
|a Boca Raton, Fla. :
|b CRC Press,
|c [2003]
|
| 264 |
|
4 |
|c ©2003
|
| 300 |
|
|
|a 576 pages :
|b illustrations ;
|c 27 cm.
|
| 336 |
|
|
|a text
|b txt
|2 rdacontent
|
| 337 |
|
|
|a unmediated
|b n
|2 rdamedia
|
| 338 |
|
|
|a volume
|b nc
|2 rdacarrier
|
| 504 |
|
|
|a Includes bibliographical references and index.
|
| 650 |
|
0 |
|a Indicators (Biology)
|
| 650 |
|
0 |
|a Water quality biological assessment.
|
| 650 |
|
0 |
|a Aquatic ecology.
|
| 700 |
1 |
|
|a Simon, Thomas P.
|
| 994 |
|
|
|a E0
|b TXA
|
| 999 |
|
|
|a MARS
|
| 999 |
f |
f |
|s aae09662-5cf6-3f4f-9b2c-a2266c3f929b
|i 0a34e8e3-0f64-3774-8777-d76fb6d8793d
|t 0
|
| 952 |
f |
f |
|p ric
|a Texas A&M University
|b Rellis Campus
|c Joint Library Facility
|d Remote Storage
|t 0
|e QH541.15.I5 B577 2003
|h Library of Congress classification
|i unmediated -- volume
|m A14828800269
|
| 998 |
f |
f |
|a QH541.15.I5 B577 2003
|t 0
|l Remote Storage
|